| 000 | 00615nam a22001937a 4500 | ||
|---|---|---|---|
| 999 |
_c61665 _d61665 |
||
| 005 | 20240412163332.0 | ||
| 008 | 240412s2006 enk||||| |||| 00| 0 eng d | ||
| 020 | _a9780721606323x | ||
| 041 | _aeng | ||
| 080 | _a616.6 S-69 | ||
| 100 |
_aSnopek, Albert M. _921787 |
||
| 245 |
_aFundamentals of Special Radiographic Procedures / _cAlbert M. Snopek. |
||
| 250 | _a5th Edition | ||
| 264 |
_aPhiladephia : _bSaunders, _c2006. |
||
| 300 |
_a472 p.; _b26 cm. |
||
| 653 | _aრენტგენოგრაფიული პროცედურები | ||
| 653 | _aმედიცინა | ||
| 942 |
_2udc _cBK |
||